[Event "ZL-2011-0-01012"]
[Site "LSS email"]
[Date "2011.11.06"]
[Round "?"]
[White "Bokadom, Mohamed"]
[Black "Lauer, Fredric"]
[Result "0-1"]
[WhiteElo "925"]
[BlackElo "1052"]
[PlyCount "34"]
[EventDate "2011.10.29"]
[EventType "match (corr)"]
[EventRounds "2"]
[EventCountry "GER"]
[SourceTitle "Corr 2015"]
[Source "ChessBase"]
[SourceDate "2015.07.17"]
[SourceVersion "1"]
[SourceVersionDate "2015.07.17"]
[SourceQuality "1"]

1. Nf3 c5 2. d3 Nf6 3. g3 g6 4. Bg2 Bg7 5. 0-0 0-0 6. e3 Nc6 7. Nbd2 d6 8. c3 Bg4 9. h3 Bxf3 10. Nxf3 a6 11. b3 Rc8 12. Bb2 Nd7 13. Nd2 b5 14. Bxc6 Rxc6 15. Rb1 Rc8 16. c4 Bxb2 17. Rxb2 e6 0-1

[Event "RE-2011-0-00077"]
[Site "LSS email"]
[Date "2011.10.19"]
[Round "?"]
[White "Bokadom, Mohamed"]
[Black "Van Esbroeck, Jeff"]
[Result "0-1"]
[WhiteElo "925"]
[BlackElo "1003"]
[PlyCount "22"]
[EventDate "2011.09.11"]
[EventType "tourn (corr)"]
[EventRounds "6"]
[EventCountry "GER"]
[SourceTitle "Corr 2015"]
[Source "ChessBase"]
[SourceDate "2015.07.17"]
[SourceVersion "1"]
[SourceVersionDate "2015.07.17"]
[SourceQuality "1"]

1. Nf3 Nc6 2. d4 d5 3. g3 Bg4 4. Bg2 Nf6 5. 0-0 e6 6. Bg5 Be7 7. Bxf6 Bxf6 8. c3 0-0 9. e3 e5 10. h3 Bxf3 11. Bxf3 e4 0-1

[Event "RE-2011-0-00077"]
[Site "LSS email"]
[Date "2011.10.19"]
[Round "?"]
[White "Bokadom, Mohamed"]
[Black "Varas, Pablo"]
[Result "0-1"]
[WhiteElo "925"]
[BlackElo "924"]
[PlyCount "36"]
[EventDate "2011.09.11"]
[EventType "tourn (corr)"]
[EventRounds "6"]
[EventCountry "GER"]
[SourceTitle "Telechess CBM 157"]
[Source "ChessBase"]
[SourceDate "2013.11.12"]
[SourceVersion "1"]
[SourceVersionDate "2013.11.12"]
[SourceQuality "1"]

1. Nf3 Nf6 2. d4 d5 3. Nc3 c5 4. g3 e6 5. Bg2 Nc6 6. Bg5 h6 7. Bxf6 gxf6 8. 0-0 cxd4 9. Nxd4 f5 10. Nxc6 bxc6 11. a3 Bg7 12. Qd2 0-0 13. e3 Rb8 14. Rab1 Ba6 15. Rfe1 Qe7 16. h3 Rfd8 17. b4 c5 18. b5 Bxc3 0-1

[Event "SE-2011-0-00088"]
[Site "LSS email"]
[Date "2011.10.19"]
[Round "?"]
[White "Van Esbroeck, Jeff"]
[Black "Bokadom, Mohamed"]
[Result "1-0"]
[WhiteElo "1123"]
[BlackElo "925"]
[PlyCount "23"]
[EventDate "2011.09.20"]
[EventType "tourn (corr)"]
[EventRounds "6"]
[EventCountry "GER"]
[SourceTitle "Corr 2015"]
[Source "ChessBase"]
[SourceDate "2015.07.17"]
[SourceVersion "1"]
[SourceVersionDate "2015.07.17"]
[SourceQuality "1"]

1. e4 e5 2. Nf3 Nc6 3. Bb5 Nf6 4. Nc3 Bb4 5. d3 d6 6. 0-0 Bg4 7. Bxc6+ bxc6 8. Bd2 Bxf3 9. Qxf3 Bxc3 10. Bxc3 0-0 11. Rad1 Re8 12. a4 1-0

[Event "OP-2011-0-01736"]
[Site "LSS email"]
[Date "2011.08.22"]
[Round "?"]
[White "Bokadom, Mohamed"]
[Black "Winter, Malcolm J"]
[Result "0-1"]
[WhiteElo "1018"]
[BlackElo "1065"]
[PlyCount "56"]
[EventDate "2011.08.19"]
[EventType "tourn (corr)"]
[EventRounds "4"]
[EventCountry "GER"]
[SourceTitle "Telechess CBM 151"]
[Source "ChessBase"]
[SourceDate "2012.11.13"]
[SourceVersion "1"]
[SourceVersionDate "2012.11.13"]
[SourceQuality "1"]

1. e4 c6 2. Nf3 d5 3. e5 Bg4 4. d4 e6 5. Be2 Ne7 6. h3 Bxf3 7. Bxf3 Qb6 8. 0-0 Nf5 9. c3 c5 10. Be3 Nc6 11. g4 Nh4 12. b3 cxd4 13. cxd4 Nxf3+ 14. Qxf3 Nxd4 15. Qd1 Bc5 16. Nc3 Nxb3 17. Qxb3 Bxe3 18. fxe3 Qxe3+ 19. Kg2 Rc8 20. Rac1 0-0 21. Rfe1 Qd2+ 22. Kg3 f5 23. Red1 f4+ 24. Kh4 Qf2+ 25. Kg5 h6+ 26. Kh5 Rf5+ 27. gxf5 Qf3+ 28. Kg6 Qg3+ 0-1